Petite histoire de l'art ... (Registro nro. 70547)

Detalles MARC
000 -ENCABEZADO
Número de control [NR] 02287nam a22002777a 4500
005 - FECHA Y HORA DE LA ÚLTIMA TRANSACCIÓN
control field 20170315105005.0
008 - DE LONGITUD FIJA DE DATOS DE ELEMENTOS - INFORMACIÓN GENERAL
Elementos de longitud fija [NR] 130419s1896||||fr a|||fr|||||001|0|fre|d
040 ## - FUENTE DE CATALOGACION [NR]
Agencia de catalogación original [NR] Co-BoUCM
Idioma de catalogación [NR] spa
Quien Cataloga Sandra Yazo (modificó)
Quien Clasifica Sandra Yazo (modificó)
041 0# - CODIGO DE IDIOMA [R]
Código de idioma para texto/pista de sonido o título separado [R] Francés
082 04 - NUMERO DE CLASIFICACION DECIMAL DEWEY [R]
Número de clasificación [R] 709
Número de la edición [NR] 20
092 ## - SIGNATURA TOPOGRAFICA LOCAL
Número de clasificación local E06N036
100 1# - ASIENTO PRINCIPAL--NOMBRE PERSONAL [NR]
Nombre personal [NR] Motte, Henri
Fechas asociadas con el nombre [NR] 1846-1922
ID Autoridad 40844
242 00 - TRADUCCION DEL TITULO POR LA AGENCIA CATALOGADORA [R]
Título [NR] Breve historia del arte
Parte restante del título [NR] Cien grabados
Mención de responsabilidad, etc. [NR] por Enrique Motte
Código de idioma del título traducido [NR] spa
245 10 - MENCION DE TITULO [NR]
Título [NR] Petite histoire de l'art ...
Parte restante del título [NR] Cent gravures
Mención de responsabilidad, etc. [NR] par Henri Motte
260 ## - PUBLICACION, DISTRIBUCION, ETC. (PIE DE IMPRENTA) [R]
Lugar de publicación, distribución, etc. [R] París (Francia)
Nombre del editor, distribuidor, etc. [R] Armand Colin et Cie. [Armando Colin y compañía]
-- Imprimerie Lahure [Imprenta de Lahure]
Fecha de publicación, distribución, etc. [R] 1896
300 ## - DESCRIPCION FISICA [R]
Extensión [R] 318 páginas
Otros detalles físicos [NR] ilustraciones
Dimensiones [R] 25 x 17 cm.
500 ## - NOTA GENERAL [R]
Nota general [NR] Detalles físicos: Encuadernación rígida en cartón duro forrado en tela texturizada. Tapas y lomo con datos de publicación impresos en negro y dorado. Guardas. Anteportada. Portada impresa en una sola tinta, con anagrama de los editores, nota manuscrita y sello seco del donante. Texto impreso en una sola columna con varios tamaños de letra. Márgenes amplios. Grabados entre el texto pág. 65 (Asiria: palacios reales de Nínive), pág.108 (órdenes griegos: modelos de capiteles), pág.113 (Atenas: Teatro de Dionisos), pág.119 (Acrópolis), pág.133 (cabeza de Alejandro), pág.167 (Roma: Circo Máximo), pág.175 (Arco de Tito), pág.181 (estatua de Augusto), pág.259 (el Papa Julio II, de Rafael), pág.279 (la Navidad, de Durero) y algunas fotos en blanco y negro. Papel manchado. Anotaciones marginales manuscritas a lápiz
505 0# - NOTA DE CONTENIDO CON FORMATO PREESTABLECIDO [R]
Nota de contenido con formato preestablecido [NR] Historia del Arte: Los orígenes ; El arte egipcio ; El arte caldeo y asirio ; La civilización fenicia ; El arte griego ; El arte romano ; El arte cristiano y bizantino ; El arte árabe ; El arte románico ; El arte gótico ; El Renacimiento ; Arquitectura del Renacimiento -- Escuelas de pintura: italiana, flamenca, holandesa -- Las artes plásticas en Alemania, España e Inglaterra -- Pintura y escultura: escuela francesa -- La época de Luis XIV -- El arte moderno
506 ## - NOTA DE RESTRICCIONES DE ACCESO [R]
Condiciones de acceso [NR] Consulta en sala
546 ## - NOTA DE IDIOMA [R]
Nota de idioma [NR] Texto en francés
650 #7 - ASIENTO SECUNDARIO DE MATERIA - TERMINO TEMATICO [R]
Término temático o nombre geográfico como elemento de entrada [NR] Arte
Subdivisión general [R] Historia
9 (RLIN) 49068
650 #7 - ASIENTO SECUNDARIO DE MATERIA - TERMINO TEMATICO [R]
Término temático o nombre geográfico como elemento de entrada [NR] Pintura
Subdivisión general [R] Historia
9 (RLIN) 40099
650 #7 - ASIENTO SECUNDARIO DE MATERIA - TERMINO TEMATICO [R]
Término temático o nombre geográfico como elemento de entrada [NR] Escultura
Subdivisión general [R] Historia
9 (RLIN) 7585
690 ## - ASUNTO AGREGADO LOCAL DE ENTRADA - TÉRMINO TEMÁTICO (OCLC, RLIN)
Acceso temático local Arte
9 (RLIN) 9444
942 ## - ELEMENTOS DE ENTRADA AGREGADOS (KOHA)
Tipo de ítem principal el descrito en 300a Libro
Edición 1
Sistema de clasificación LOCAL
Clasificación E06N036
Existencias
Suprimido Perdido Sistema de clasificación Dañado No prestable Tipo de ítem específico Ubicación habitual Ubicación actual Localización Fecha de creación Forma de adquisición Costo Total préstamos Signatura topográfica Código de barras Última vez visto Ejemplar Price effective from Tipo de ítem
    LOCAL     Libro archivo Archivo Histórico Archivo Histórico Archivo histórico 17/07/2013 Donación 0.00   E06N036 L000982 15/12/2012 Ej.1 03/02/2013 Libro